British relations with frontier states, 1863-1875 / (Record no. 22262)

MARC details
000 -LEADER
fixed length control field 00783cam a2200265 i 4500
001 - CONTROL NUMBER
control field 2214593
003 - CONTROL NUMBER IDENTIFIER
control field BDDh-ASL
005 - DATE AND TIME OF LATEST TRANSACTION
control field 20231015030116.0
008 - FIXED-LENGTH DATA ELEMENTS--GENERAL INFORMATION
fixed length control field 750904s1974 ii b 000 0 eng
010 ## - LIBRARY OF CONGRESS CONTROL NUMBER
LC control number 74903671
020 ## - INTERNATIONAL STANDARD BOOK NUMBER
Terms of availability Rs25.00
040 ## - CATALOGING SOURCE
Original cataloging agency DLC
Transcribing agency DLC
Modifying agency DLC
-- BDDh-ASL
043 ## - GEOGRAPHIC AREA CODE
Geographic area code a-ii---
050 00 - LIBRARY OF CONGRESS CALL NUMBER
Classification number DS447
Item number .A25
082 00 - DEWEY DECIMAL CLASSIFICATION NUMBER
Classification number 327.54
Item number ABB
100 1# - MAIN ENTRY--PERSONAL NAME
Personal name Abrol, Mridula,
Dates associated with a name 1940-
245 10 - TITLE STATEMENT
Title British relations with frontier states, 1863-1875 /
Statement of responsibility, etc. Mridula Abrol.
260 ## - PUBLICATION, DISTRIBUTION, ETC.
Place of publication, distribution, etc. New Delhi :
Name of publisher, distributor, etc. S. Chand,
Date of publication, distribution, etc. [1974]
300 ## - PHYSICAL DESCRIPTION
Extent vi, 157 p. :
Dimensions 24 cm.
504 ## - BIBLIOGRAPHY, ETC. NOTE
Bibliography, etc. note Bibliography: p. 148-151.
651 #0 - SUBJECT ADDED ENTRY--GEOGRAPHIC NAME
Geographic name India
General subdivision Foreign relations.
651 #0 - SUBJECT ADDED ENTRY--GEOGRAPHIC NAME
Geographic name India
General subdivision Politics and government
Chronological subdivision 1857-1919.
906 ## - LOCAL DATA ELEMENT F, LDF (RLIN)
a 7
b cbc
c orignew
d 4
e ncip
f 19
g y-gencatlg
942 ## - ADDED ENTRY ELEMENTS (KOHA)
Source of classification or shelving scheme Dewey Decimal Classification
Koha item type Books
Holdings
Withdrawn status Lost status Source of classification or shelving scheme Damaged status Not for loan Collection code Home library Current library Shelving location Date acquired Source of acquisition Total Checkouts Full call number Barcode Date last seen Copy number Price effective from Koha item type Public note
    Dewey Decimal Classification     Non-fiction Asiatic Society Library Asiatic Society Library General Stacks 02/23/2021 ASB Library Collections   327.54 ABB 106457 02/23/2021 C-1 02/23/2021 Books RARE

Powered by Koha